Быстрый алгоритм оценки степени сжатия видеоданных в системе видеокодирования стандарта H.265/HEVC; Научные труды SWORLD; Т. 4, № 3 (40)
| Parent link: | Научные труды SWORLD: научный журнал.— , 2006- Т. 4, № 3 (40).— 2015.— [С. 18-36] |
|---|---|
| Huvudupphovsman: | |
| Institutionell upphovsman: | |
| Övriga upphovsmän: | , |
| Sammanfattning: | Заглавие с экрана В работе рассматривается методы и алгоритмы, используемые в системах видеокодирования нового поколения, основанных на стандарте H.265/HEVC. Предлагается оригинальный быстрый алгоритм оценки степени сжатия цифровых видеоданных, позволяющий существенно сократить вычислительную сложность процесса кодирования. Экспериментальная апробация предложенного алгоритма показала сокращение объема вычислений при кодировании на 23% в среднем. Режим доступа: по договору с организацией-держателем ресурса |
| Språk: | ryska |
| Publicerad: |
2015
|
| Ämnen: | |
| Länkar: | http://elibrary.ru/item.asp?id=24922909 |
| Materialtyp: | Elektronisk Bokavsnitt |
| KOHA link: | https://koha.lib.tpu.ru/cgi-bin/koha/opac-detail.pl?biblionumber=646393 |
MARC
| LEADER | 00000naa0a2200000 4500 | ||
|---|---|---|---|
| 001 | 646393 | ||
| 005 | 20250121105617.0 | ||
| 035 | |a (RuTPU)RU\TPU\network\11529 | ||
| 035 | |a RU\TPU\network\9864 | ||
| 090 | |a 646393 | ||
| 100 | |a 20160227d2015 k||y0rusy50 ca | ||
| 101 | 0 | |a rus | |
| 102 | |a RU | ||
| 135 | |a drcn ---uucaa | ||
| 181 | 0 | |a i | |
| 182 | 0 | |a b | |
| 200 | 1 | |a Быстрый алгоритм оценки степени сжатия видеоданных в системе видеокодирования стандарта H.265/HEVC |f О. Г. Пономарев, М. П. Шарабайко, С. Е. Стрельников | |
| 203 | |a Текст |c электронный | ||
| 300 | |a Заглавие с экрана | ||
| 320 | |a [Библиогр.: с. 36 (10 назв.)] | ||
| 330 | |a В работе рассматривается методы и алгоритмы, используемые в системах видеокодирования нового поколения, основанных на стандарте H.265/HEVC. Предлагается оригинальный быстрый алгоритм оценки степени сжатия цифровых видеоданных, позволяющий существенно сократить вычислительную сложность процесса кодирования. Экспериментальная апробация предложенного алгоритма показала сокращение объема вычислений при кодировании на 23% в среднем. | ||
| 333 | |a Режим доступа: по договору с организацией-держателем ресурса | ||
| 461 | |t Научные труды SWORLD |o научный журнал |d 2006- | ||
| 463 | |t Т. 4, № 3 (40) |v [С. 18-36] |d 2015 | ||
| 610 | 1 | |a электронный ресурс | |
| 610 | 1 | |a труды учёных ТПУ | |
| 610 | 1 | |a видеокодирование | |
| 610 | 1 | |a арифметическое кодирование | |
| 610 | 1 | |a сжатие данных | |
| 610 | 1 | |a видеоданные | |
| 610 | 1 | |a вычислительная сложность | |
| 700 | 1 | |a Пономарев |b О. Г. |g Олег Геннадьевич | |
| 701 | 1 | |a Шарабайко |b М. П. |c специалист в области информатики и вычислительной техники |c программист Томского политехнического университета, аспирант |f 1988- |g Максим Павлович |3 (RuTPU)RU\TPU\pers\31043 | |
| 701 | 1 | |a Стрельников |b С. Е. |g Сергей Евгеньевич | |
| 712 | 0 | 2 | |a Национальный исследовательский Томский политехнический университет (ТПУ) |b Институт кибернетики (ИК) |b Кафедра вычислительной техники (ВТ) |3 (RuTPU)RU\TPU\col\18699 |
| 801 | 2 | |a RU |b 63413507 |c 20160227 |g RCR | |
| 856 | 4 | 0 | |u http://elibrary.ru/item.asp?id=24922909 |
| 942 | |c CF | ||